000 00206nam a2200097Ia 4500
008 240331s9999 xx 000 0 und d
082 _bWOM
100 _aVarme,K.R. ed
245 0 _aWomen in Kerala
942 _cL
999 _c1795
_d1795